[Event "4th Open"]
[Site "Korinthos GRE"]
[Date "2000.07.25"]
[Round "1"]
[White "Novikov,I"]
[Black "Papadopoulou,T"]
[Result "1-0"]
[WhiteElo "2611"]
[BlackElo "2146"]

1.d4 Nf6 2.c4 g6 3.Nc3 Bg7 4.e4 d6 5.Nge2 O-O 6.Ng3 e5 7.d5 Nbd7 8.Be2 a5
9.h4 h5 10.Bg5 Qe8 11.Nb5 Qd8 12.Bxh5 gxh5 13.Nxh5 Nc5 14.Nc3 Kh8 15.Nxg7 Kxg7
16.Qf3 Rh8 17.O-O-O Rh6 18.Bxh6+ Kxh6 19.Qe3+ Kh7 20.Qg5 Qh8 21.f3 Bd7 22.g4 Rg8
23.Qe3 Qg7 24.Ne2 Qg6 25.Ng3 b6 26.Rdg1 Nxg4 27.fxg4 Qxg4 28.Rf1 Rg7 29.Rhg1 Qh3
30.h5 Kg8 31.h6 Rg6 32.h7+ Qxh7 33.Rh1 Qg7 34.Nh5  1-0

[Event "4th Open"]
[Site "Korinthos GRE"]
[Date "2000.07.28"]
[Round "4"]
[White "Nikolaidis,K"]
[Black "Novikov,I"]
[Result "1-0"]
[WhiteElo "2308"]
[BlackElo "2611"]

1.e4 c5 2.Nf3 d6 3.d4 cxd4 4.Nxd4 Nf6 5.Nc3 a6 6.Bg5 e6 7.f4 Qb6 8.Nb3 Be7
9.Be2 Nbd7 10.Qd2 Qc7 11.Bf3 h6 12.Bxf6 Nxf6 13.O-O-O Bd7 14.Rhe1 O-O-O 15.Kb1 e5
16.fxe5 dxe5 17.Nd5 Nxd5 18.exd5 Bf5 19.Ka1 Kb8 20.c4 Qxc4 21.Rxe5 Bg5 22.Qf2 Qf4
23.Rxf5 Qxf5 24.Qb6 Qd7 25.Na5 Qc7 26.Nc6+ Kc8 27.Na7+ Kb8 28.Nc6+ Kc8 29.Bg4+ Rd7
30.Qa7 bxc6 31.Bxd7+ Kxd7 32.dxc6+ Kxc6 33.Qxa6+ Kc5 34.b4+ Kxb4 35.Rd4+  1-0

[Event "Millennium II Open"]
[Site "Virginia Beach USA"]
[Date "2001.03.03"]
[Round "2"]
[White "Figler,I"]
[Black "Novikov,I"]
[Result "0-1"]
[WhiteElo "2378"]
[BlackElo "2596"]

1.d4 d5 2.c4 e6 3.Nc3 c6 4.Nf3 Nf6 5.cxd5 exd5 6.Bg5 Be7 7.e3 Bf5 8.Bd3 Bxd3
9.Qxd3 Nbd7 10.O-O O-O 11.Rab1 a5 12.Qc2 Re8 13.a3 Ne4 14.Bxe7 Qxe7 15.b4 Nd6
16.b5 Nc4 17.bxc6 bxc6 18.Rb7 Reb8 19.Rxb8+ Rxb8 20.Ra1 Rb2 21.Qf5 g6 22.Qf4 Rb3
23.Nb1 Nf8 24.h4 Ne6 25.Qh6 Rd3 26.Nc3 Rxc3 27.Rb1 Qf8  0-1

[Event "Millennium II Open"]
[Site "Virginia Beach USA"]
[Date "2001.03.03"]
[Round "3"]
[White "Novikov,I"]
[Black "Stripunsky,A"]
[Result "1/2-1/2"]
[WhiteElo "2596"]
[BlackElo "2495"]

1.d4 d5 2.c4 c6 3.Nf3 Nf6 4.Nc3 e6 5.Bg5 h6 6.Bxf6 Qxf6 7.e3 Nd7 8.Bd3 dxc4
9.Bxc4 g6 10.O-O Bg7 11.Rc1 O-O 12.e4 e5 13.d5 Nb6  1/2-1/2

[Event "Fall Futurity"]
[Site "New York USA"]
[Date "2001.10.21"]
[Round "3"]
[White "Bonin,J"]
[Black "Novikov,I"]
[Result "1/2-1/2"]
[WhiteElo "2404"]
[BlackElo "2588"]

1.d4 d5 2.Bg5 c6 3.c3 Bf5 4.Qb3 Qb6 5.Nd2 Nd7 6.Ngf3 Ngf6 7.e3 h6 8.Bh4 g5
9.Bg3 Nh5 10.c4 Nxg3 11.hxg3 Bg7 12.cxd5 Qxb3 13.Nxb3 cxd5 14.Bb5 O-O 15.Bxd7 Bxd7
16.Ne5 Bf5 17.Kd2 Rac8 18.Rac1 Rxc1 19.Rxc1 Rc8 20.Rxc8+ Bxc8 21.Na5 b6 22.Nb3 e6
23.Nd3 Kf8 24.g4 Ba6 25.a3 Bc4  1/2-1/2

[Event "10th Open"]
[Site "King's Island USA"]
[Date "2001.11.10"]
[Round "3"]
[White "Karklins,A"]
[Black "Novikov,I"]
[Result "0-1"]
[WhiteElo "2384"]
[BlackElo "2588"]

1.e4 c5 2.Nf3 d6 3.d4 cxd4 4.Nxd4 Nf6 5.Nc3 a6 6.Qf3 e6 7.b3 Qb6 8.Nde2 Nbd7
9.Bb2 Qc7 10.O-O-O b5 11.a3 Bb7 12.Nd4 Nc5 13.Bd3 d5 14.exd5 Nxd5 15.Nxd5 Bxd5
16.Qe2 O-O-O 17.Kb1 Bxg2 18.Rhg1 Bb7 19.Nf3 f6 20.c4 Rxd3 21.Rxd3 Be4 22.Ne1 bxc4
23.bxc4 Bd6 24.Ka2 Bxh2 25.Rg4 Bf5 26.Rh4 Nxd3 27.Nxd3 Rd8 28.Nb4 a5 29.Nc2 Be5
30.c5 Bd3 31.Bxe5 fxe5 32.Qg4 Bxc2 33.Qxe6+ Kb8 34.Rc4 Bg6 35.Rc3 Bf7 36.Rb3+ Ka7  0-1

[Event "III Millennium"]
[Site "Virginia Beach USA"]
[Date "2002.03.03"]
[Round "4"]
[White "Chiong,L"]
[Black "Novikov,I"]
[Result "0-1"]
[WhiteElo "2364"]
[BlackElo "2583"]

1.d4 d5 2.c4 e6 3.Nf3 Nf6 4.Qc2 c5 5.cxd5 cxd4 6.Qa4+ Bd7 7.Qxd4 exd5 8.Nc3 Nc6
9.Qd1 Bc5 10.e3 O-O 11.Be2 Bg4 12.O-O a6 13.a3 Ba7 14.b4 Re8 15.Bb2 Qd6 16.b5 Na5
17.Nd4 Bxd4 18.Bxg4 Be5 19.f4 Bxc3 20.Bxc3 Nc4 21.Bd4 Nxe3 22.Bxe3 Rxe3 23.bxa6 Rxa6
24.a4 Re4 25.Be2 Rb6 26.Qd2 Rbb4 27.a5 Rxf4 28.Bf3 h6 29.Rfc1 Rfc4 30.Rd1 Qc5+
31.Qf2 Qc6 32.Qa7 Ne4 33.h3 Ra4 34.Rxa4 Rxa4 35.Bxe4 Rxe4 36.Rb1 Re7 37.Qd4 Qc4
38.Qb6 Re2 39.Kh1 Qe4 40.Rg1 d4  0-1

[Event "Tan Chin Nam Cup"]
[Site "Qingdao CHN"]
[Date "2002.07.07"]
[Round "6"]
[White "Novikov,I"]
[Black "Barua,D"]
[Result "1/2-1/2"]
[WhiteElo "2601"]
[BlackElo "2542"]

1.d4 d5 2.c4 e6 3.Nf3 c6 4.Qc2 Nf6 5.Bg5 h6 6.Bxf6 Qxf6 7.g3 Nd7 8.Nbd2 g6
9.Bg2 Bg7 10.O-O O-O 11.e4 dxe4 12.Nxe4 Qe7 13.c5 e5 14.Rfe1 exd4 15.Rad1 d3
16.Rxd3 Ne5 17.Rde3 Nxf3+ 18.Bxf3 Bf5 19.Qc4 Be6 20.Qb4 a5 21.Qd2 Rfd8 22.Nd6 Qg5
23.Qe2 Rab8 24.Rxe6 fxe6 25.Qxe6+ Kh7 26.Nf7 Qf6 27.Nxd8 Rxd8 28.Qe2 Qxb2
29.Qxb2 Bxb2 30.Re7+ Kh8 31.Rxb7 Rd2 32.Re7  1/2-1/2

[Event "Atlantic Open"]
[Site "Washington DC USA"]
[Date "2002.08.23"]
[Round "1"]
[White "Mayer,Stev"]
[Black "Novikov,I"]
[Result "0-1"]
[WhiteElo "2193"]
[BlackElo "2601"]

1.c4 e6 2.g3 d5 3.Nf3 dxc4 4.Qa4+ Nd7 5.Bg2 a6 6.Qxc4 b5 7.Qc2 Bb7 8.O-O c5
9.b3 Ngf6 10.Bb2 Be7 11.d3 O-O 12.Nbd2 Qb6 13.Ne5 Nxe5 14.Bxe5 Nd5 15.a3 Rac8
16.Rac1 f6 17.Bb2 Kh8 18.Qb1 e5 19.Qa1 Nc7 20.Nf3 Ne6 21.e3 Rfd8 22.Rcd1 Bd5
23.Qa2 Rc7 24.Rfe1 Nf8 25.e4 Bf7 26.Bf1 a5 27.Nd2 a4 28.Ba1 Ra7 29.Qb2 axb3
30.Nxb3 Rda8  0-1

[Event "Rotary Open"]
[Site "Lindsborg Kansas USA"]
[Date "2002.12.17"]
[Round "1"]
[White "Novikov,I"]
[Black "Muhammad,S"]
[Result "1-0"]
[WhiteElo "2592"]
[BlackElo "2368"]

1.d4 Nf6 2.c4 g6 3.Nc3 Bg7 4.e4 d6 5.f3 O-O 6.Nge2 Nc6 7.Be3 a6 8.Qd2 Rb8
9.Rb1 e6 10.b4 Nd7 11.Nc1 f5 12.exf5 exf5 13.Be2 Re8 14.Bf2 Nb6 15.O-O Qf6
16.c5 Nd7 17.Bc4+ Kh8 18.N1e2 Ne7 19.Rfe1 Qf8 20.Bg3 Qf6 21.cxd6 cxd6 22.Qf4 b5
23.Bb3 Rb6 24.Bh4 Qf8 25.Bxe7 Qxe7 26.Nd5 Qd8 27.Nxb6 Qxb6 28.Kf1 Rf8 29.Rbd1 Nf6
30.Qe3 Re8 31.Qd2 Rf8 32.Nf4 Qd8 33.Qe2 g5 34.Nd5 Nxd5 35.Bxd5 g4 36.Qe7 gxf3
37.gxf3 Qb6 38.Re2 Qd8 39.Qxd8 Rxd8 40.Re7 f4 41.Kg2 Bf6 42.Rf7  1-0

[Event "Rotary Open"]
[Site "Lindsborg Kansas USA"]
[Date "2002.12.19"]
[Round "3"]
[White "Novikov,I"]
[Black "Langer,M"]
[Result "1-0"]
[WhiteElo "2592"]
[BlackElo "2270"]

1.d4 Nf6 2.c4 c5 3.d5 e6 4.Nc3 exd5 5.cxd5 d6 6.e4 g6 7.f3 Bg7 8.Nge2 O-O
9.Ng3 Nh5 10.Nxh5 gxh5 11.Bd3 f5 12.O-O Nd7 13.exf5 Ne5 14.f6 Qxf6 15.Ne4 Qg6
16.Bc2 Bf5 17.Kh1 b5 18.Rb1 h4 19.h3 Kh8 20.Qe2 c4 21.Bd2 Rg8 22.b3 Nd3 23.bxc4 bxc4
24.Rb7 Be5 25.Ng5 Rg7 26.Rxg7 Qxg7 27.f4 Bf6 28.Qh5 Nf2+ 29.Rxf2 Bxc2 30.Nf7+ Kg8
31.Nxd6 Bd3 32.Ne8 Qf7 33.Nxf6+ Qxf6 34.Qe5 Rf8 35.Qe1 Qd4 36.Bc3 Qe4 37.Qxe4 Bxe4
38.d6 Bd3 39.Ba5 Bf5 40.Rd2 Bd7 41.Rd4 Rc8 42.Bc7 c3 43.Rc4 Rf8 44.Rxc3 Rxf4
45.Ra3 Rf2 46.Rxa7 Bc6 47.Ra6 Bb5 48.Ra5 Bd7 49.a3 Rd2 50.Rc5 Kf7 51.Rc4 h5
52.a4 Ke6 53.a5 Bb5 54.Rc5 Bf1 55.Rg5 Kf6 56.Bd8+ Ke6 57.Rg6+ Kd7 58.Bc7 Bb5
59.Kg1 Bc6 60.Rg5  1-0

[Event "Rotary Open"]
[Site "Lindsborg Kansas USA"]
[Date "2002.12.22"]
[Round "7"]
[White "Novikov,I"]
[Black "Paschall,W"]
[Result "1-0"]
[WhiteElo "2592"]
[BlackElo "2463"]

1.d4 e6 2.c4 b6 3.a3 Bb7 4.Nc3 f5 5.d5 Bd6 6.Nf3 Nf6 7.g3 O-O 8.Bg2 Na6 9.O-O Nc5
10.Nd4 Qe8 11.Ncb5 Qh5 12.Nxd6 cxd6 13.Nb5 Ne8 14.Nc3 Rc8 15.f3 e5 16.b4 Na6
17.Qb3 Nac7 18.a4 f4 19.Ne4 a6 20.b5 a5 21.e3 fxg3 22.hxg3 Qg6 23.Ba3 Qh6
24.Ra2 Qg6 25.Raf2 Na8 26.f4  1-0

[Event "Rotary Open"]
[Site "Lindsborg Kansas USA"]
[Date "2002.12.22"]
[Round "8"]
[White "Zatonskih,A"]
[Black "Novikov,I"]
[Result "1/2-1/2"]
[WhiteElo "2421"]
[BlackElo "2592"]

1.e4 c5 2.d3 Nc6 3.g3 d5 4.exd5 Qxd5 5.Nf3 Bg4 6.Bg2 Nf6 7.h3 Bh5 8.O-O Qd7
9.g4 Bg6 10.Bf4 Nd5 11.Ne5 Nxe5 12.Bxe5  1/2-1/2

[Event "Levy mem"]
[Site "Denver USA"]
[Date "2003.09.20"]
[Round "4"]
[White "Karklins,A"]
[Black "Novikov,I"]
[Result "0-1"]
[WhiteElo "2287"]
[BlackElo "2598"]

1.e4 c5 2.Nf3 d6 3.d4 cxd4 4.Nxd4 Nf6 5.Nc3 a6 6.Qf3 e6 7.b3 Qb6 8.Nde2 Qc7
9.a4 b6 10.Bb2 Bb7 11.O-O-O Nbd7 12.Nd4 Rc8 13.Bd3 g6 14.Bc4 Be7 15.Qe2 Nc5
16.Ndb5 Qb8 17.Nxd6+ Bxd6 18.Rxd6 Qxd6 19.e5 Qc7 20.exf6 Bxg2 21.Re1 Qf4+
22.Kb1 O-O 23.f3 Bh3 24.Nd1 Rfd8 25.Ne3 h5 26.Rg1 Kh7 27.Rg3 Bf5 28.Nxf5 Qxf5
29.Qg2 Rd1+ 30.Ka2 Rcd8 31.Rg5 R1d2 32.Qg3 Qxc2 33.Qe5 Nd7 34.Bd3 Rxd3 35.Rxh5+ Kg8
36.Qxe6 fxe6 37.f7+ Kxf7 38.Rh7+ Ke8  0-1

[Event "34th NCC"]
[Site "Philadelphia USA"]
[Date "2003.11.28"]
[Round "1"]
[White "Milisits,R"]
[Black "Novikov,I"]
[Result "0-1"]
[WhiteElo "2190"]
[BlackElo "2594"]

1.e4 c5 2.c3 d5 3.exd5 Qxd5 4.d4 Nf6 5.Nf3 e6 6.Bd3 Be7 7.O-O O-O 8.Bg5 Rd8
9.Bc2 Nc6 10.Qd3 g6 11.Bb3 Qd6 12.Na3 b6 13.Rad1 Bb7 14.Rfe1 Rac8 15.Nc4 Qc7
16.Nce5 Nxe5 17.Nxe5 cxd4 18.Nxf7 Kxf7 19.Qh3 Rd6 20.Rxe6 Kg7 21.Rde1 Rxe6
22.Qxe6 Bd8 23.cxd4 Nd5 24.h4 Qc6 25.Qe5+ Nf6 26.d5  0-1

[Event "34th NCC"]
[Site "Philadelphia USA"]
[Date "2003.11.29"]
[Round "4"]
[White "Novikov,I"]
[Black "Kaufman,La"]
[Result "1-0"]
[WhiteElo "2594"]
[BlackElo "2391"]

1.d4 d5 2.c4 e6 3.Nf3 Nf6 4.Nc3 c6 5.Bg5 h6 6.Bxf6 Qxf6 7.e3 Nd7 8.Bd3 dxc4
9.Bxc4 g6 10.O-O Bg7 11.Qc2 O-O 12.Rad1 Qe7 13.a3 Nb6 14.Ba2 c5 15.Ne5 cxd4
16.exd4 Bd7 17.Qe4 Rab8 18.Nxd7 Qxd7 19.d5 exd5 20.Nxd5 Nxd5 21.Rxd5 Qc6
22.Qd3 Qf6 23.b4 Rbc8 24.Rd7 Rc3 25.Qd5 Rxa3 26.Rxb7 Qd4 27.Rd1 Qxd5 28.Bxd5 Bd4
29.g3 Bb6 30.Re1 Rd3 31.Rd7 Kh8 32.Re2 Rd4 33.Kg2 Kg7 34.b5 Kf6 35.h4 h5
36.Rc2 Kg7 37.Rc3 Rd2 38.Rf3 Kh6 39.Rdxf7 Rxf7 40.Bxf7 Kg7 41.Bc4 Kh6 42.Rf7 Bd4
43.Kf1 Bc5 44.Be2 Rb2 45.Bd3 Rb3 46.Ke2 Rb2+ 47.Ke1 Rb3 48.Be2 Rb1+ 49.Kd2 Rb2+
50.Kd1 Bb4 51.Rd7 Ra2 52.f4 Ra3 53.Bd3 Bc5 54.f5 Bf8 55.fxg6 Bg7 56.Ke2 Ra2+
57.Kf3 Ra4 58.Ke2 Ra2+ 59.Ke3 Ra4 60.Be4 Ra3+ 61.Kf4 Rb3 62.Rd5 Bb2 63.g4 hxg4
64.Kxg4 Bf6 65.Rh5+ Kg7 66.Rh7+  1-0

[Event "North American Open"]
[Site "Las Vegas USA"]
[Date "2003.12.26"]
[Round "1"]
[White "Novikov,I"]
[Black "Sharafuddin,K"]
[Result "1-0"]
[WhiteElo "2594"]
[BlackElo "2332"]

1.d4 Nf6 2.c4 g6 3.Nc3 Bg7 4.e4 d6 5.f3 O-O 6.Bg5 h6 7.Be3 e5 8.Nge2 c6 9.Qd2 h5
10.d5 cxd5 11.cxd5 a6 12.Nc1 Nbd7 13.Be2 Nh7 14.O-O Bf6 15.g3 h4 16.Nd3 Nb6
17.Nf2 Bd7 18.b3 Nc8 19.a4 Bg5 20.f4 Bf6 21.Rac1 Ne7 22.fxe5 Bxe5 23.Bf4 hxg3
24.hxg3 f6 25.Kg2 g5 26.Bxe5 fxe5 27.Ng4 Ng6 28.Nh6+ Kg7 29.Nf5+ Bxf5 30.exf5 Nf4+  1-0

[Event "UTD GM"]
[Site "Dallas USA"]
[Date "2004.12.13"]
[Round "7"]
[White "Novikov,I"]
[Black "Schneider,Dm"]
[Result "1-0"]
[WhiteElo "2588"]
[BlackElo "2453"]

1.d4 d5 2.c4 e6 3.Nf3 c5 4.cxd5 exd5 5.g3 Nc6 6.Bg2 Nf6 7.O-O Be7 8.Nc3 O-O
9.b3 Ne4 10.Bb2 Bf6 11.Na4 b6 12.Rc1 Ba6 13.dxc5 Bxb2 14.Nxb2 bxc5 15.Nd2 Qe7
16.Re1 Nxf2 17.Kxf2 Qf6+ 18.Nf3 Qxb2 19.Rxc5 Rac8 20.Qc1 Qf6 21.Bh3 Rc7 22.Qg5 Qb2
23.Qd2 Qf6 24.Rxd5 Qe7 25.Rc1 Bc8 26.Bxc8 Rcxc8 27.Rd7 Qa3 28.Rc4 h6 29.Qc3 Ne7
30.Rcc7 Rxc7 31.Qxc7 Nc8 32.Rd8 Rxd8 33.Qxd8+ Qf8 34.Qc7 Qe8 35.Nd4 Kh7 36.a4 h5
37.Nf3 f6 38.Nd4 Qe4 39.Qc5 Kg6 40.Nf3 Nb6 41.a5 Nd5 42.Qxa7 Nc3 43.Qa6 Nd1+
44.Ke1 Nb2 45.Kd2 Qb1 46.Kc3 Qc1+ 47.Kb4 Qe3 48.Qb5 Qe7+ 49.Kc3 Qa3 50.Nh4+ Kh6
51.Qf5 Na4+ 52.Kd2 Qb4+ 53.Ke3 Qxb3+ 54.Kf2 Qf7 55.Qc2  1-0

[Event "UTD GM"]
[Site "Dallas USA"]
[Date "2004.12.15"]
[Round "9"]
[White "Novikov,I"]
[Black "Fernandez,D"]
[Result "1-0"]
[WhiteElo "2588"]
[BlackElo "2391"]

1.d4 d5 2.c4 e6 3.Nf3 c6 4.Qc2 Nf6 5.Bg5 Nbd7 6.Nbd2 Qa5 7.a3 Ne4 8.Bf4 g5
9.Bxg5 Nxg5 10.Nxg5 dxc4 11.Nf3 b5 12.g3 Bb7 13.Bg2 c5 14.O-O cxd4 15.a4 Rc8
16.axb5 Qb6 17.Nxc4 Qxb5 18.Rfc1 Qc5 19.b4 Qxb4 20.Rab1 Rxc4 21.Qxc4 Qxc4
22.Rxc4 Be4 23.Rc8+ Ke7 24.Ra1  1-0

[Event "7th Foxwoods Open"]
[Site "Connecticut USA"]
[Date "2005.03.24"]
[Round "2"]
[White "Rizzitano,J"]
[Black "Novikov,I"]
[Result "1/2-1/2"]
[WhiteElo "2376"]
[BlackElo "2592"]

1.d4 d5 2.c4 e6 3.Nf3 Nf6 4.e3 c5 5.Nc3 a6 6.a3 Nc6 7.dxc5 Bxc5 8.b4 Bd6
9.Bb2 dxc4 10.Bxc4 Qc7 11.Rc1 Bd7 12.Bd3 Rd8 13.O-O Qb8 14.Qc2 O-O 15.Rfd1 Ne5
16.Nxe5 Bxe5 17.h3 Bc6 18.Ne2 Bxb2 19.Qxb2 Rd7 20.b5 axb5  1/2-1/2

[Event "UTD GM Invitational"]
[Site "Dallas USA"]
[Date "2006.12.08"]
[Round "4"]
[White "Novikov,I"]
[Black "Stopa,Ja"]
[Result "1/2-1/2"]
[WhiteElo "2568"]
[BlackElo "2465"]

1.d4 Nf6 2.c4 e6 3.Nf3 b6 4.g3 Bb7 5.Bg2 Be7 6.O-O O-O 7.b3 d5 8.Nc3 Nbd7
9.Bb2 c5 10.Ne5 Rc8 11.cxd5 Nxe5 12.d6 Nc6 13.dxc5 bxc5 14.dxe7 Qxe7 15.Rc1 Rfd8
16.Qe1 Nd4 17.f3 c4 18.bxc4 Qb4 19.Ba1 Rxc4 20.e3 Nf5 21.Rb1 Qe7 22.Qe2 Rdc8
23.e4 Nd4 24.Qf2 e5 25.Rfc1 R4c7 26.Bh3 Rd8 27.Ne2 Rxc1+ 28.Rxc1 Qa3 29.Bxd4 exd4
30.Rd1 d3 31.Nd4 Ba6 32.Bf1 Bc4 33.Rd2 Qc5 34.Nb3 Qb4 35.Qc5 Qa4 36.Qc7 Rf8
37.Na5 Ba6 38.Nc6 Bb5 39.Ne7+ Kh8 40.Qd6 Re8 41.e5 Ng8 42.Nxg8 Kxg8 43.Bxd3 Bxd3
44.Qxd3 g6 45.f4 Rb8 46.Qd5 Qa3 47.Kg2 Rb2 48.Kh3 Rxd2 49.Qxd2 Qa6 50.Kh4 Qe6
51.g4 h6 52.Kg3 Qb6 53.Qf2 Qa5 54.Qe2 Qc3+ 55.Qf3 Qa5 56.a3 Qe1+ 57.Kh3 Kg7
58.Qd3 a5 59.Kg2 a4 60.h3 g5 61.fxg5  1/2-1/2

[Event "UTD GM Invitational"]
[Site "Dallas USA"]
[Date "2006.12.09"]
[Round "5"]
[White "Bartholomew,J"]
[Black "Novikov,I"]
[Result "1/2-1/2"]
[WhiteElo "2411"]
[BlackElo "2568"]

1.e4 c5 2.Nf3 d6 3.d4 cxd4 4.Nxd4 Nf6 5.Nc3 a6 6.Bg5 e6 7.f4 Qb6 8.Qd2 Qxb2
9.Rb1 Qa3 10.f5 Nc6 11.fxe6 fxe6 12.Nxc6 bxc6 13.e5 dxe5 14.Bxf6 gxf6 15.Ne4 Qxa2
16.Rd1 Be7 17.Be2 O-O 18.O-O Ra7 19.Rf3 Rd7 20.Qh6 Rxd1+ 21.Bxd1 Rf7 22.Rg3+ Kh8
23.Qh5 Qa5 24.Kf1 Qd8  1/2-1/2

[Event "UTD GM Invitational"]
[Site "Dallas USA"]
[Date "2006.12.09"]
[Round "6"]
[White "Novikov,I"]
[Black "Schneider,Ig"]
[Result "1/2-1/2"]
[WhiteElo "2568"]
[BlackElo "2369"]

1.d4 d5 2.c4 e6 3.Nf3 c6 4.Qc2 Nf6 5.Bg5 h6 6.Bxf6 Qxf6 7.Nc3 Nd7 8.e4 dxe4
9.Qxe4 g6 10.Bd3 Bg7 11.O-O O-O 12.Rfe1 c5 13.d5 Nb6 14.d6 Qd8 15.Qf4 Bd7
16.Rad1 Bc6 17.Be4 Nxc4 18.Re2 Nxb2 19.Rc1 e5 20.Qe3 Nc4 21.Qxc5 Bxe4 22.Nxe4 Rc8
23.Qxa7 f5 24.Nc5 Nxd6 25.Qa3 e4 26.Ne1 Qe7 27.Rec2 Kh7 28.Nxb7 Rxc2 29.Rxc2 Qxb7
30.Qxd6 Qb1 31.Re2 Rc8 32.Kf1 Rc1 33.f3 Qd3 34.Qf4 exf3 35.Qxf3 Qb5 36.Qb3 Qa6
37.Qe6 Qa4 38.Qe3 Rb1 39.Qd2 Qb5 40.g3 Qb7 41.Kf2 Qh1 42.h4 Rb2 43.Qd3 Rb4
44.Nf3 Rb1 45.Re1 Rb2+ 46.Re2 Rb1 47.Re1 Rb2+  1/2-1/2

[Event "TCh-ISR 2011-12"]
[Site "Israel ISR"]
[Date "2011.12.30"]
[Round "3.1"]
[White "Khmelniker,I"]
[Black "Novikov,I"]
[Result "1/2-1/2"]
[WhiteElo "2523"]
[BlackElo "2560"]

1.d4 d5 2.Nf3 Nf6 3.c4 e6 4.g3 dxc4 5.Bg2 Bb4+ 6.Bd2 a5 7.O-O O-O 8.a3 Bxd2
9.Nbxd2 b5 10.Qc2 a4 11.e4 h6 12.Rad1 Qe7 13.Rfe1 Nbd7 14.Nb1 Ba6 15.Nc3 Rad8
16.e5 Nd5 17.Nxd5 exd5 18.Nh4 Qe6 19.f4 Rfe8 20.f5 Qb6 21.Qf2 Nf8 22.f6 gxf6
23.Rf1 Bc8 24.exf6 Rd6 25.Qf4 Nh7 26.Qxh6 Rxf6 27.Qh5 Rxf1+ 28.Rxf1 Qxd4+
29.Kh1 Re7 30.Bxd5 Qg4 31.Bxf7+ Kg7 32.Kg1 Nf6 33.Qxg4+ Nxg4 34.Bg6 Ne5 35.Nf5+ Bxf5
36.Bxf5 c5 37.g4 Nd3 38.g5 Re8 39.Kg2 Nxb2 40.h4 Rh8 41.Re1 Rxh4 42.Kg3 Rd4
43.Re7+ Kf8 44.Rb7 Rd5 45.Kg4 Nd1 46.Kf4 Ne3 47.Be4 c3 48.Kxe3 Rxg5 49.Kf4 Rg1
50.Rxb5 Ra1 51.Rxc5 c2 52.Rxc2 Rxa3 53.Ke5 Re3 54.Rc8+ Ke7 55.Rc7+ Ke8 56.Kd4 Re1
57.Ra7 a3 58.Rxa3 Ke7 59.Ke5 Re2 60.Ra7+ Ke8 61.Rh7 Re1 62.Kf4 Rf1+ 63.Kg5 Re1
64.Bf5 Re7 65.Rh6 Re1 66.Kf6 Kd8 67.Rh7 Re7 68.Rh8+ Re8 69.Rh2 Kc7 70.Be6 Kd6
71.Rd2+ Kc5 72.Ke5 Rh8 73.Rc2+ Kb4 74.Rc4+ Kb5 75.Rg4 Kc5 76.Rc4+ Kb5 77.Rc2 Rh5+
78.Kd6 Kb4 79.Rc4+ Kb5 80.Rf4 Rh6 81.Rg4 Kb6 82.Rb4+ Ka5 83.Rb2 Ka6 84.Ke5 Ka7
85.Kd5 Rg6 86.Bd7 Rb6 87.Ra2+ Kb7 88.Rc2 Rb1 89.Bc6+ Kc7 90.Ba4+ Kb6 91.Rc8 Rh1
92.Rc6+ Kb7 93.Re6 Rh5+ 94.Kd6 Kb6 95.Bc6 Ka5 96.Re4 Kb6 97.Rb4+ Ka5 98.Rb8 Rh2
99.Rb5+ Ka6 100.Rb1 Ka5 101.Bd5 Rc2 102.Ke5 Rc5 103.Kd4 Rb5 104.Rc1 Kb6 105.Rc6+ Kb7
106.Rc2+ Kb6 107.Rc6+ Kb7  1/2-1/2